La defensa social y las transformaciones del derecho penal / (Record no. 122516)

MARC details
000 -LEADER
campo de control de longitud fija 00910nam a2200229 i 4500
001 - NÚMERO DE CONTROL
campo de control 122516
003 - IDENTIFICADOR DE NÚMERO DE CONTROL
campo de control ES-MaACL
005 - FECHA Y HORA DE LA ÚLTIMA TRANSACCIÓN
campo de control 20250809055427.0
007 - CAMPO FIJO DE DESCRIPCIÓN FÍSICA--INFORMACIÓN GENERAL
campo de control de longitud fija t|
008 - DATOS DE LONGITUD FIJA--INFORMACIÓN GENERAL
campo de control de longitud fija 070214s1912 sp |||| | spa d
100 1# - ENTRADA PRINCIPAL--NOMBRE DE PERSONA
Nombre de persona Prins, Adolphe.
9 (RLIN) 93985
245 13 - MENCIÓN DEL TÍTULO
Título La defensa social y las transformaciones del derecho penal /
Mención de responsabilidad, etc. por A. Prins ; versión española y prólogo sobre La génesis de la defensa social de Federico Castejón y Martínez de Arizala.
260 ## - PUBLICACIÓN, DISTRIBUCIÓN, ETC.
Lugar de publicación, distribución, etc. Madrid :
Nombre del editor, distribuidor, etc. Hijos de Reus,
Fecha de publicación, distribución, etc. 1912.
300 ## - DESCRIPCIÓN FÍSICA
Extensión 164 p. ;
Dimensiones 17 x 12 cm.
490 1# - MENCIÓN DE SERIE
Mención de serie Manuales Reus de derecho ;
Designación de volumen o secuencia 11
500 ## - NOTA GENERAL
Nota general Precede al tít.: Institutos Solvay. Trabajos del Instituto de Sociología.
650 07 - PUNTO DE ACCESO ADICIONAL DE MATERIA--TÉRMINO DE MATERIA
Término de materia o nombre geográfico como elemento de entrada Derecho penal
Fuente del encabezamiento o término embne
9 (RLIN) 11749
700 1# - ENTRADA AGREGADA--NOMBRE PERSONAL
Nombre de persona Castejón y Martínez de Arizala, Federico.
9 (RLIN) 36466
830 00 - PUNTO DE ACCESO ADICIONAL DE SERIE-TÍTULO UNIFORME
Título uniforme Manuales Reus de derecho
Designación de volumen o secuencia 11
9 (RLIN) 183876
852 ## - LOCALIZACIÓN
Ubicación ES-MaACL
Número de control de estantería G-15333
Holdings
Estatus retirado Estado de pérdida Estado de daño No para préstamo Biblioteca de origen Biblioteca actual Ubicación en estantería Fecha de adquisición Fuente de adquisición Total de préstamos Signatura topográfica completa Código de barras Visto por última vez Precio de reemplazo Tipo de ítem Koha
        Biblioteca del Ateneo de Madrid Biblioteca del Ateneo de Madrid Sala Pecera Planta 3 17/01/2008     G-15333 1127666 23/02/2023 23/02/2023 Libro impreso